• AIU
  • Tony Wilmot Memorial Library

Alenzil n-visa almasex (Kitab almuqaddas. (Record no. 41876)

MARC details
000 -LEADER
fixed length control field 00702nam a22002051a 4500
005 - DATE AND TIME OF LATEST TRANSACTION
control field 20110718133629.0
008 - FIXED-LENGTH DATA ELEMENTS--GENERAL INFORMATION
fixed length control field 091005s2003 001 0 eng d
020 ## - INTERNATIONAL STANDARD BOOK NUMBER
Terms of availability 0.00
040 ## - CATALOGING SOURCE
Original cataloging agency NEGST Library - Kenya
050 #4 - LIBRARY OF CONGRESS CALL NUMBER
Classification number BS 325.T36 2003
082 0# - DEWEY DECIMAL CLASSIFICATION NUMBER
Classification number BS 325.T36 2003
100 1# - MAIN ENTRY--PERSONAL NAME
Personal name Wycliffe Bible Translators.
245 10 - TITLE STATEMENT
Title Alenzil n-visa almasex (Kitab almuqaddas.
260 ## - PUBLICATION, DISTRIBUTION, ETC. (IMPRINT)
Place of publication, distribution, etc Middlesex :
Name of publisher, distributor, etc Wycliffe Bible Translato,
Date of publication, distribution, etc 2003.
300 ## - PHYSICAL DESCRIPTION
Extent viii, 568 p. : i.
500 ## - GENERAL NOTE
General note "Le Nouveau Testament en Tamacheq." Includes maps on end papers. ][Africana}
600 10 - SUBJECT ADDED ENTRY--PERSONAL NAME
Personal name Bible. N.T. Tamashek. 2003.
600 10 - SUBJECT ADDED ENTRY--PERSONAL NAME
Personal name Tamashek language - Texts.
852 ## - LOCATION/CALL NUMBER
-- 4.00
Holdings
Withdrawn status Lost status Source of classification or shelving scheme Damaged status Not for loan Collection code Home library Current library Shelving location Date acquired Source of acquisition Cost, normal purchase price Total Checkouts Full call number Barcode Date last seen Price effective from Koha item type
    Library of Congress Classification     Reference AIU/NEGST - Tony Wilmot Memorial Library AIU/NEGST - Tony Wilmot Memorial Library Reference 10/05/2009 Donation 4.00   REF BS 325.T36 2003 R36586F3232 09/26/2019 10/05/2009 Reference